000 00537nam a22002177a 4500
003 UA-OsUOA
001 68256
007 ta
008 20100413b un ||||| |||| 00| 0 ukr d
100 _aПуговиця М.
090 _a94(477)
_bП88
942 _cSA
040 _aUA-OsUOA
_bukr
_cUA-OsUOA
_dUA-OsUOA
245 _aБухенвальський набат
300 _aС.18
955 _a0
041 _aukr
080 _a94(477)
773 0 _w68255
650 7 _a9 Географія. Біографії. Історія
_2UDC
999 _c354448
_d354448